[Event "43. India ch"]
[Site "Visakhapatnam IND"]
[Date "2006.04.05"]
[Round "4.7"]
[White "Thejkumar, MS."]
[Black "Sharma, Dinesh K"]
[Result "1/2-1/2"]
[WhiteElo "2384"]
[BlackElo "2370"]
[PlyCount "36"]
[EventDate "2006.04.03"]
[EventType "tourn"]
[EventRounds "21"]
[EventCountry "IND"]
[Source "lmi"]
[SourceDate "2006.04.17"]

1. d4 d5 2. c4 c6 3. Nf3 Nf6 4. e3 Bf5 5. Nc3 e6 6. Nh4 Be4 7. f3 Bg6 8. Qb3
Qb6 9. Nxg6 hxg6 10. Bd2 Nbd7 11. O-O-O Qxb3 12. axb3 Bd6 13. h3 Nh5 14. Bd3
Ng3 15. Rhe1 O-O 16. Kb1 a6 17. e4 dxe4 18. Nxe4 Nxe4 1/2-1/2

[Event "43. India ch"]
[Site "Visakhapatnam IND"]
[Date "2006.04.05"]
[Round "4.8"]
[White "Sivanandan, BS."]
[Black "Deepan Chakkravarthy, J."]
[Result "1/2-1/2"]
[WhiteElo "2452"]
[BlackElo "2428"]
[PlyCount "73"]
[EventDate "2006.04.03"]
[EventType "tourn"]
[EventRounds "21"]
[EventCountry "IND"]
[Source "lmi"]
[SourceDate "2006.04.17"]

1. d4 Nf6 2. Nf3 g6 3. g3 Bg7 4. Bg2 O-O 5. O-O d6 6. Nc3 d5 7. Ne5 c6 8. Re1
Nbd7 9. Nxd7 Bxd7 10. e4 dxe4 11. Nxe4 Nxe4 12. Bxe4 Be6 13. c3 Qb6 14. h4 Rfe8
15. Qc2 Rad8 16. h5 Bd5 17. hxg6 hxg6 18. Bf4 Qa5 19. b4 Bxe4 20. Rxe4 Qf5 21.
Rae1 e6 22. Qe2 Qb5 23. Qf3 a5 24. a3 axb4 25. axb4 Qf5 26. Qe2 Ra8 27. Be5
Bxe5 28. Rxe5 Qf6 29. b5 Rec8 30. Qb2 Qd8 31. bxc6 bxc6 32. Ra1 Rxa1+ 33. Qxa1
Ra8 34. Qb2 Ra5 35. Rxa5 Qxa5 36. Qb8+ Kg7 37. Qb3 1/2-1/2

[Event "43. India ch"]
[Site "Visakhapatnam IND"]
[Date "2006.04.06"]
[Round "5.1"]
[White "Deepan Chakkravarthy, J."]
[Black "Koneru, Humpy"]
[Result "0-1"]
[WhiteElo "2428"]
[BlackElo "2537"]
[PlyCount "74"]
[EventDate "2006.04.03"]
[EventType "tourn"]
[EventRounds "21"]
[EventCountry "IND"]
[Source "lmi"]
[SourceDate "2006.04.17"]

1. e4 e5 2. Nf3 Nf6 3. Nxe5 d6 4. Nf3 Nxe4 5. Nc3 Nxc3 6. dxc3 Be7 7. Bf4 O-O
8. Qd2 Nd7 9. O-O-O Nc5 10. Be3 c6 11. h4 Qa5 12. Kb1 Be6 13. a3 Ne4 14. Qe1
Bf6 15. Bd4 Rfe8 16. Bd3 Bxd4 17. Bxe4 Bc5 18. Qf1 Bxa3 19. bxa3 Qxa3 20. c4
Qb4+ 21. Kc1 Bxc4 22. Bd3 b5 23. Re1 a5 24. Rxe8+ Rxe8 25. Qd1 Qa3+ 26. Kb1
Ba2+ 27. Ka1 Bd5+ 28. Kb1 b4 29. Nd2 Qa2+ 30. Kc1 a4 31. Re1 Qa3+ 32. Kb1 Ba2+
33. Ka1 Be6+ 34. Kb1 Qa2+ 35. Kc1 a3 36. Ne4 Qb2+ 37. Kd2 d5 0-1

[Event "43. India ch"]
[Site "Visakhapatnam IND"]
[Date "2006.04.06"]
[Round "5.2"]
[White "Sandipan, Chanda"]
[Black "Thejkumar, MS."]
[Result "1/2-1/2"]
[WhiteElo "2522"]
[BlackElo "2384"]
[PlyCount "102"]
[EventDate "2006.04.03"]
[EventType "tourn"]
[EventRounds "21"]
[EventCountry "IND"]
[Source "lmi"]
[SourceDate "2006.04.17"]

1. e4 c6 2. d4 d5 3. Nd2 dxe4 4. Nxe4 Bf5 5. Ng3 Bg6 6. h4 h6 7. Nf3 Nf6 8. Ne5
Bh7 9. Bd3 Bxd3 10. Qxd3 e6 11. Bd2 Be7 12. O-O-O Nbd7 13. f4 c5 14. d5 Nxd5
15. Nh5 N5f6 16. Nxg7+ Kf8 17. Nxd7+ Qxd7 18. Qxd7 Nxd7 19. Nh5 Rd8 20. g4 Nb6
21. Bc3 Rg8 22. g5 Nd5 23. Be5 hxg5 24. fxg5 Ne3 25. Rxd8+ Bxd8 26. Nf6 Bxf6
27. Bxf6 Ng4 28. Bc3 f5 29. gxf6 Kf7 30. h5 e5 31. Rd1 Kxf6 32. h6 Rh8 33. Rd7
Rxh6 34. Rxb7 Rh1+ 35. Kd2 c4 36. Rxa7 Rh2+ 37. Ke1 Kf5 38. Ra4 Ne3 39. Bd2
Nxc2+ 40. Kd1 Nd4 41. Rxc4 Rh1+ 42. Be1 Nf3 43. Ke2 Nxe1 44. Rc1 Rh2+ 45. Kxe1
Rxb2 46. a4 Ra2 47. Rc4 e4 48. Rb4 Kf4 49. Rb3 Rxa4 50. Ke2 Ra2+ 51. Ke1 Ra1+
1/2-1/2

[Event "43. India ch"]
[Site "Visakhapatnam IND"]
[Date "2006.04.06"]
[Round "5.3"]
[White "Roy Chowdhury, Saptarshi"]
[Black "Ganguly, Surya Shekhar"]
[Result "1/2-1/2"]
[WhiteElo "2393"]
[BlackElo "2579"]
[PlyCount "35"]
[EventDate "2006.04.03"]
[EventType "tourn"]
[EventRounds "21"]
[EventCountry "IND"]
[Source "lmi"]
[SourceDate "2006.04.17"]

1. e4 c5 2. Nf3 e6 3. d4 cxd4 4. Nxd4 Nf6 5. Nc3 Nc6 6. Ndb5 d6 7. Bf4 e5 8.
Bg5 a6 9. Na3 b5 10. Bxf6 gxf6 11. Nd5 Bg7 12. c3 f5 13. exf5 Bxf5 14. Nc2 O-O
15. Nce3 Be6 16. Bd3 f5 17. Bc2 f4 18. Qh5 1/2-1/2

[Event "43. India ch"]
[Site "Visakhapatnam IND"]
[Date "2006.04.06"]
[Round "5.6"]
[White "Das, Arghyadip"]
[Black "Gupta, Abhijeet"]
[Result "1/2-1/2"]
[WhiteElo "2402"]
[BlackElo "2434"]
[PlyCount "83"]
[EventDate "2006.04.03"]
[EventType "tourn"]
[EventRounds "21"]
[EventCountry "IND"]
[Source "lmi"]
[SourceDate "2006.04.17"]

1. e4 c5 2. b3 d6 3. Bb2 Nf6 4. Nc3 Nc6 5. f4 g6 6. Bb5 Bg7 7. Bxc6+ bxc6 8.
Qe2 O-O 9. Nf3 Qa5 10. Nd1 Qb4 11. c4 a5 12. Bc3 Qb8 13. O-O a4 14. bxa4 Rxa4
15. e5 Ne8 16. Ne3 Qa8 17. exd6 exd6 18. f5 Rxa2 19. Rxa2 Qxa2 20. Qd3 Qa7 21.
Ng5 Qe7 22. Ne4 Bxc3 23. dxc3 Nf6 24. Nxf6+ Qxf6 25. Ng4 Qg5 26. Ne3 Re8 27.
Rf3 Qh4 28. Qxd6 Qe1+ 29. Nf1 Bxf5 30. Qxc6 Re5 31. Qf6 Re6 32. Qg5 Qb1 33. h3
Be4 34. Rf2 Bd3 35. Kh2 Bxf1 36. Qf4 Qb7 37. Rxf1 Re2 38. Rf2 Re4 39. Qd6 Qe7
40. Qd5 Re5 41. Rxf7 Qxf7 42. Qxe5 1/2-1/2

[Event "43. India ch"]
[Site "Visakhapatnam IND"]
[Date "2006.04.06"]
[Round "5.9"]
[White "Girinath, PDS."]
[Black "Sundararajan, Kidambi"]
[Result "0-1"]
[WhiteElo "2350"]
[BlackElo "2495"]
[PlyCount "90"]
[EventDate "2006.04.03"]
[EventType "tourn"]
[EventRounds "21"]
[EventCountry "IND"]
[Source "lmi"]
[SourceDate "2006.04.17"]

1. e4 e5 2. Nf3 Nc6 3. Bb5 a6 4. Ba4 Nf6 5. Qe2 b5 6. Bb3 Bc5 7. c3 O-O 8. d3
d5 9. Bg5 dxe4 10. dxe4 h6 11. Bxf6 Qxf6 12. Bd5 Bd7 13. O-O Rad8 14. Ne1 Ne7
15. Nd3 Bb6 16. Nd2 c6 17. Bb3 Ng6 18. Rad1 Nh4 19. Kh1 Qg5 20. f3 Bh3 21. Ne1
Ng6 22. f4 Nxf4 23. Rxf4 exf4 24. Ndf3 Bg4 25. Nd3 Be3 26. Rf1 Qe7 27. Bc2 Qxe4
28. Nb4 Qe6 29. Qe1 c5 30. Nd3 c4 31. Nde5 Bxf3 32. Nxf3 Rfe8 33. Qh4 Qe7 34.
Qg4 Rd5 35. Re1 h5 36. Qh3 Qd7 37. Qh4 Qg4 38. Qf2 Rdd8 39. Qe2 g6 40. a4 Re6
41. Qf1 Bc5 42. axb5 Rxe1 43. Qxe1 axb5 44. Qe5 Be3 45. Qxb5 Qd7 0-1

[Event "43. India ch"]
[Site "Visakhapatnam IND"]
[Date "2006.04.06"]
[Round "5.10"]
[White "Kamble, Vikramaditya"]
[Black "Kunte, Abhijit"]
[Result "1/2-1/2"]
[WhiteElo "2403"]
[BlackElo "2551"]
[PlyCount "24"]
[EventDate "2006.04.03"]
[EventType "tourn"]
[EventRounds "21"]
[EventCountry "IND"]
[Source "lmi"]
[SourceDate "2006.04.17"]

1. Nf3 Nf6 2. c4 b6 3. Nc3 Bb7 4. g3 c5 5. Bg2 g6 6. O-O Bg7 7. d4 cxd4 8. Qxd4
d6 9. Bg5 Nbd7 10. Rac1 Rc8 11. Bh3 O-O 12. Qf4 Re8 1/2-1/2

[Event "43. India ch"]
[Site "Visakhapatnam IND"]
[Date "2006.04.06"]
[Round "6.2"]
[White "Venkatesh, MR."]
[Black "Sharma, Dinesh K"]
[Result "1-0"]
[WhiteElo "2438"]
[BlackElo "2370"]
[PlyCount "53"]
[EventDate "2006.04.03"]
[EventType "tourn"]
[EventRounds "21"]
[EventCountry "IND"]
[Source "lmi"]
[SourceDate "2006.04.17"]

1. e4 c5 2. Nf3 e6 3. d3 d5 4. Nbd2 Nc6 5. g3 Bd6 6. Bg2 Nge7 7. O-O O-O 8. Re1
Qc7 9. c3 Bd7 10. a3 f6 11. b4 cxb4 12. cxb4 b5 13. Bb2 a5 14. bxa5 Qxa5 15.
Bh3 Qa7 16. d4 f5 17. exd5 Nxd5 18. Ng5 Nc7 19. d5 Ne7 20. dxe6 Bc6 21. Qh5 h6
22. Nf7 Bc5 23. Nxh6+ gxh6 24. Qxh6 Bxf2+ 25. Kf1 Bd4 26. Qg5+ Kh8 27. Qh4+ 1-0

[Event "43. India ch"]
[Site "Visakhapatnam IND"]
[Date "2006.04.06"]
[Round "6.5"]
[White "Sundararajan, Kidambi"]
[Black "Kamble, Vikramaditya"]
[Result "1-0"]
[WhiteElo "2495"]
[BlackElo "2403"]
[PlyCount "67"]
[EventDate "2006.04.03"]
[EventType "tourn"]
[EventRounds "21"]
[EventCountry "IND"]
[Source "lmi"]
[SourceDate "2006.04.17"]

1. d4 d5 2. Nf3 Nf6 3. c4 e6 4. Nc3 Nbd7 5. Bf4 dxc4 6. e3 Nd5 7. Bxc4 N7b6 8.
Bd3 Nxf4 9. exf4 Nd5 10. g3 Bb4 11. Qb3 O-O 12. O-O Bxc3 13. bxc3 Nf6 14. Ne5
b6 15. Rad1 Bb7 16. c4 Qd6 17. Rfe1 Rad8 18. f5 c5 19. fxe6 fxe6 20. d5 Rde8
21. f4 exd5 22. cxd5 Bxd5 23. Bb5 Bxb3 24. Rxd6 Re6 25. Rd2 a6 26. Bxa6 Ra8 27.
Bb5 Bd5 28. Red1 g5 29. Rxd5 Nxd5 30. Bc4 Kf8 31. Rxd5 gxf4 32. gxf4 Ra4 33.
Rd8+ Ke7 34. Rd7+ 1-0

[Event "43. India ch"]
[Site "Visakhapatnam IND"]
[Date "2006.04.06"]
[Round "6.6"]
[White "Gupta, Abhijeet"]
[Black "Girinath, PDS."]
[Result "1-0"]
[WhiteElo "2434"]
[BlackElo "2350"]
[PlyCount "107"]
[EventDate "2006.04.03"]
[EventType "tourn"]
[EventRounds "21"]
[EventCountry "IND"]
[Source "lmi"]
[SourceDate "2006.04.17"]

1. d4 Nf6 2. c4 c5 3. d5 e6 4. Nc3 exd5 5. cxd5 d6 6. e4 g6 7. Nf3 a6 8. a4 Bg4
9. Be2 Bxf3 10. Bxf3 Bg7 11. O-O O-O 12. Bf4 Qe7 13. Re1 Nbd7 14. h3 Rfe8 15.
Qc2 h5 16. a5 Nh7 17. Qd2 Bd4 18. Be3 Qf6 19. Rad1 Bxe3 20. Rxe3 Ng5 21. Bxh5
Qf4 22. Bg4 Ne5 23. Be2 Re7 24. Rg3 Qxd2 25. Rxd2 Nh7 26. f4 Nd7 27. Bc4 Kg7
28. Re2 b5 29. axb6 Nxb6 30. Bd3 c4 31. Bb1 Nf6 32. Rge3 Rae8 33. Kf2 Nfd7 34.
Kf3 f6 35. Bc2 Nc5 36. g3 Rb8 37. h4 Reb7 38. e5 fxe5 39. fxe5 dxe5 40. Rxe5
Nbd7 41. Re7+ Kf8 42. d6 Rb6 43. Ne4 Nxe4 44. Rxd7 Rxd6 45. Rxd6 Nxd6 46. Bxg6
Nb5 47. Kf4 Rd8 48. h5 Rd4+ 49. Kg5 Rd5+ 50. Kh6 Nd6 51. Rf2+ Ke7 52. Kg7 Rg5
53. Re2+ Kd7 54. h6 1-0

[Event "43. India ch"]
[Site "Visakhapatnam IND"]
[Date "2006.04.06"]
[Round "6.7"]
[White "Sivanandan, BS."]
[Black "Ramesh, RB."]
[Result "1/2-1/2"]
[WhiteElo "2452"]
[BlackElo "2491"]
[PlyCount "140"]
[EventDate "2006.04.03"]
[EventType "tourn"]
[EventRounds "21"]
[EventCountry "IND"]
[Source "lmi"]
[SourceDate "2006.04.17"]

1. d4 Nf6 2. Nf3 e6 3. g3 d5 4. Bg2 b5 5. O-O Nbd7 6. b3 Be7 7. c4 bxc4 8. bxc4
O-O 9. cxd5 Nxd5 10. e4 N5f6 11. Nc3 Bb7 12. Nd2 Nb6 13. e5 Nfd5 14. Nce4 Bb4
15. Nb3 Ba6 16. Bg5 Be7 17. Bxe7 Nxe7 18. Re1 Bc4 19. Rc1 Bd5 20. Nec5 a5 21.
Nb7 Qd7 22. Bxd5 Qxd5 23. Rxc7 Nf5 24. Nd6 Nxd6 25. Rc5 Qb7 26. exd6 Qd7 27.
Nxa5 Qxd6 28. Qb3 Nd7 29. Rb5 Nf6 30. Rd1 h5 31. Nc4 Qc7 32. h4 Qc6 33. a4 Rfd8
34. a5 Qe4 35. Qd3 Qc6 36. Rc5 Qb7 37. Nb6 Rab8 38. Rdc1 Qa7 39. Qb5 Nd5 40.
Rc6 g6 41. Qc5 Rb7 42. Nxd5 Rxd5 43. Rc8+ Kh7 44. Qxa7 Rxa7 45. R1c7 Rdxa5 46.
Rxa7 Rxa7 47. Rd8 Kg7 48. Kg2 Kf6 49. Kf3 Kf5 50. d5 e5 51. Ke3 Ra3+ 52. Kd2 e4
53. Ke2 Rd3 54. d6 Rd5 55. Ke3 Rd1 56. Ke2 Rd3 57. d7 Rd6 58. Ke3 Rd5 59. Ke2
Rd4 60. Ke3 Rd1 61. Ke2 Rd3 62. Ke1 Kg4 63. Ke2 Kh3 64. Re8 Rxd7 65. Rxe4 Kg2
66. g4 Rd5 67. gxh5 Rxh5 68. Rf4 f5 69. Ra4 Rh7 70. Ke3 Kh3 1/2-1/2

[Event "43. India ch"]
[Site "Visakhapatnam IND"]
[Date "2006.04.06"]
[Round "6.8"]
[White "Himanshu, Sharma"]
[Black "Das, Arghyadip"]
[Result "0-1"]
[WhiteElo "2411"]
[BlackElo "2402"]
[PlyCount "62"]
[EventDate "2006.04.03"]
[EventType "tourn"]
[EventRounds "21"]
[EventCountry "IND"]
[Source "lmi"]
[SourceDate "2006.04.17"]

1. e4 c5 2. Nf3 d6 3. d4 cxd4 4. Nxd4 Nf6 5. Nc3 a6 6. a4 e6 7. Be2 Be7 8. O-O
O-O 9. Be3 Nc6 10. f4 Qc7 11. Kh1 Bd7 12. Nb3 Nb4 13. a5 Bc6 14. Bf3 Rac8 15.
Rf2 d5 16. e5 Ne4 17. Re2 Nxc3 18. bxc3 d4 19. cxd4 Bxf3 20. gxf3 Qc6 21. Kg2
Qc4 22. Rb1 Nd5 23. Bd2 Qxc2 24. Qe1 Qd3 25. Nc5 Bxc5 26. dxc5 Rxc5 27. Rd1 Rc2
28. Kf2 Rfc8 29. Rc1 h6 30. Rxc2 Rxc2 31. Bc1 Rc3 0-1

[Event "43. India ch"]
[Site "Visakhapatnam IND"]
[Date "2006.04.06"]
[Round "6.10"]
[White "Sriram, Jha"]
[Black "Sandipan, Chanda"]
[Result "0-1"]
[WhiteElo "2444"]
[BlackElo "2522"]
[PlyCount "84"]
[EventDate "2006.04.03"]
[EventType "tourn"]
[EventRounds "21"]
[EventCountry "IND"]
[Source "lmi"]
[SourceDate "2006.04.17"]

1. d4 d5 2. c4 c6 3. Nf3 Nf6 4. cxd5 cxd5 5. Nc3 Nc6 6. Bf4 a6 7. Rc1 Qb6 8.
Na4 Qa5+ 9. Bd2 Qd8 10. Qb3 e6 11. Nb6 Rb8 12. e3 Ne4 13. Nxc8 Nxd2 14. Nxd2
Qxc8 15. Bxa6 Bb4 16. Bd3 O-O 17. Qc2 h6 18. O-O Qd8 19. a3 Bd6 20. Nf3 Qf6 21.
b4 g5 22. Bb5 g4 23. Nd2 Ne7 24. f4 h5 25. Qd3 Qh6 26. g3 f5 27. h4 gxh3 28.
Nf3 Rf7 29. Kf2 Kh8 30. Rh1 Ng8 31. Ne5 Rg7 32. Nd7 Rd8 33. Rxh3 Rgxd7 34. Bxd7
Rxd7 35. Rc8 Kg7 36. Rxg8+ Kxg8 37. Qb5 Rf7 38. a4 Kg7 39. Qb6 Bc7 40. Qc5 Qg6
41. b5 Bd8 42. Qc8 Rc7 0-1

[Event "43. India ch"]
[Site "Visakhapatnam IND"]
[Date "2006.04.07"]
[Round "7.1"]
[White "Deepan Chakkravarthy, J."]
[Black "Sundararajan, Kidambi"]
[Result "1-0"]
[WhiteElo "2428"]
[BlackElo "2495"]
[PlyCount "85"]
[EventDate "2006.04.03"]
[EventType "tourn"]
[EventRounds "21"]
[EventCountry "IND"]
[Source "lmi"]
[SourceDate "2006.04.17"]

1. e4 e5 2. Nf3 Nc6 3. Bb5 a6 4. Ba4 Nf6 5. O-O Nxe4 6. d4 b5 7. Bb3 d5 8. dxe5
Be6 9. Nbd2 Be7 10. c3 O-O 11. Bc2 f5 12. Nb3 Qd7 13. Nbd4 Nxd4 14. Nxd4 c5 15.
Nxe6 Qxe6 16. f3 Ng5 17. a4 Qc6 18. Bxg5 Bxg5 19. f4 Be7 20. axb5 axb5 21. Rxa8
Qxa8 22. g4 fxg4 23. Qxg4 Qc8 24. Qh5 g6 25. Bxg6 hxg6 26. Qxg6+ Kh8 27. Qh5+
Kg8 28. f5 Rf7 29. f6 Bf8 30. Rf5 Qa6 31. Rg5+ Bg7 32. Qe2 d4 33. Qg4 Qa7 34.
Qc8+ Kh7 35. Rh5+ Bh6 36. Qf5+ Kg8 37. Rxh6 Qa1+ 38. Qf1 Qxf1+ 39. Kxf1 dxc3
40. bxc3 b4 41. cxb4 cxb4 42. e6 Rb7 43. f7+ 1-0

[Event "43. India ch"]
[Site "Visakhapatnam IND"]
[Date "2006.04.07"]
[Round "7.4"]
[White "Ramesh, RB."]
[Black "Koneru, Humpy"]
[Result "1/2-1/2"]
[WhiteElo "2491"]
[BlackElo "2537"]
[PlyCount "23"]
[EventDate "2006.04.03"]
[EventType "tourn"]
[EventRounds "21"]
[EventCountry "IND"]
[Source "lmi"]
[SourceDate "2006.04.17"]

1. e4 e6 2. d4 d5 3. Nd2 dxe4 4. Nxe4 Bd7 5. Nf3 Bc6 6. Bd3 Nd7 7. O-O Ngf6 8.
Ned2 Be7 9. Re1 O-O 10. Nc4 Bd5 11. Nce5 c5 12. Nxd7 1/2-1/2

[Event "43. India ch"]
[Site "Visakhapatnam IND"]
[Date "2006.04.07"]
[Round "7.5"]
[White "Arun Prasad, S."]
[Black "Ravi, Lanka"]
[Result "0-1"]
[WhiteElo "2384"]
[BlackElo "2423"]
[PlyCount "114"]
[EventDate "2006.04.03"]
[EventType "tourn"]
[EventRounds "21"]
[EventCountry "IND"]
[Source "lmi"]
[SourceDate "2006.04.17"]

1. c4 g6 2. Nc3 Bg7 3. g3 e5 4. Bg2 c5 5. Nf3 Nc6 6. O-O Nge7 7. Ne1 d6 8. d3
Be6 9. Nc2 O-O 10. Ne3 Qd7 11. Ned5 Bh3 12. Ne4 Nxd5 13. Bxh3 Qxh3 14. cxd5 Ne7
15. Qb3 b6 16. Nxd6 Qd7 17. Ne4 Qxd5 18. Qxd5 Nxd5 19. Bd2 Rfd8 20. a4 a5 21.
Ra3 Rd7 22. Rb3 f5 23. Ng5 Nb4 24. Bc3 Re8 25. h4 h6 26. Nh3 Kf7 27. Rc1 Bf8
28. Be1 Kf6 29. Bc3 Kf7 30. Be1 e4 31. dxe4 Rxe4 32. Kf1 Red4 33. Ra3 Bg7 34.
Raa1 Nd5 35. Ng1 Re4 36. Rcb1 Rc4 37. b3 Re4 38. Ra2 c4 39. bxc4 Rxc4 40. Nf3
Rdc7 41. Rd2 Ke6 42. Rbd1 R7c5 43. Nd4+ Bxd4 44. Rxd4 Rxd4 45. Rxd4 Rc1 46. e3
Nb4 47. Ke2 Nc2 48. Rd1 Rxd1 49. Kxd1 Nxe1 50. Kxe1 Kd5 51. f4 h5 52. Kd2 b5
53. axb5 a4 54. e4+ fxe4 55. g4 a3 56. b6 Kc6 57. Kc2 e3 0-1

[Event "43. India ch"]
[Site "Visakhapatnam IND"]
[Date "2006.04.07"]
[Round "7.7"]
[White "Das, Arghyadip"]
[Black "Ganguly, Surya Shekhar"]
[Result "0-1"]
[WhiteElo "2402"]
[BlackElo "2579"]
[PlyCount "136"]
[EventDate "2006.04.03"]
[EventType "tourn"]
[EventRounds "21"]
[EventCountry "IND"]
[Source "lmi"]
[SourceDate "2006.04.17"]

1. e4 e6 2. d4 d5 3. Nc3 Bb4 4. e5 c5 5. Bd2 Ne7 6. a3 Bxc3 7. Bxc3 b6 8. b4
Qc7 9. b5 cxd4 10. Qxd4 Nf5 11. Qd2 d4 12. Bxd4 Nxd4 13. Qxd4 Nd7 14. f4 Bb7
15. Rc1 O-O 16. Nf3 Bxf3 17. gxf3 Rfd8 18. Qe3 Rac8 19. Bd3 Nc5 20. Kf2 Qe7 21.
Rhd1 Na4 22. Bxh7+ Kxh7 23. Qe4+ g6 24. Qxa4 Rc3 25. Kg2 Rdc8 26. Qe4 Kg7 27.
Rd6 Qh4 28. h3 R3c4 29. Rd4 Rxd4 30. Qxd4 Rh8 31. Rh1 Rh5 32. c3 Rf5 33. Kh2
Rxf4 34. Qe3 Ra4 35. Rg1 Rxa3 36. Rg4 Ra2+ 37. Rg2 Rxg2+ 38. Kxg2 Qc4 39. Qg5
Qxb5 40. Qf6+ Kf8 41. Qh8+ Ke7 42. Qb8 Qb2+ 43. Kg3 Qa3 44. h4 Qc5 45. Qxa7+
Kf8 46. Qb8+ Kg7 47. c4 Qg1+ 48. Kh3 Qf2 49. Qb7 Qf1+ 50. Kg3 Qe1+ 51. Kh3 Qf1+
52. Kg3 Qxc4 53. Qxb6 Qc3 54. Qd6 Qe1+ 55. Kh3 Qe2 56. Kg3 Qe3 57. Qb8 Qg1+ 58.
Kh3 Qf2 59. Qb7 Qf1+ 60. Kg4 Qg2+ 61. Kf4 Qh2+ 62. Ke4 Qxh4+ 63. Ke3 Qg5+ 64.
f4 Qg1+ 65. Ke2 Qh2+ 66. Ke3 g5 67. Qc7 Qxf4+ 68. Ke2 g4 0-1

[Event "43. India ch"]
[Site "Visakhapatnam IND"]
[Date "2006.04.07"]
[Round "7.8"]
[White "Sharma, Dinesh K"]
[Black "Sivanandan, BS."]
[Result "1/2-1/2"]
[WhiteElo "2370"]
[BlackElo "2452"]
[PlyCount "41"]
[EventDate "2006.04.03"]
[EventType "tourn"]
[EventRounds "21"]
[EventCountry "IND"]
[Source "lmi"]
[SourceDate "2006.04.17"]

1. d4 Nf6 2. c4 g6 3. Nc3 d5 4. Nf3 Bg7 5. Bf4 O-O 6. e3 c5 7. dxc5 Qa5 8. Rc1
dxc4 9. Bxc4 Qxc5 10. Bb3 Qa5 11. O-O Nc6 12. h3 Qa6 13. Ne5 Nxe5 14. Bxe5 Be6
15. Bxe6 Qxe6 16. Bd4 a6 17. Qb3 Qxb3 18. axb3 Rac8 19. Rfd1 e6 20. Kf1 Rfd8
21. Ke2 1/2-1/2

[Event "43. India ch"]
[Site "Visakhapatnam IND"]
[Date "2006.04.07"]
[Round "7.9"]
[White "Girinath, PDS."]
[Black "Himanshu, Sharma"]
[Result "1/2-1/2"]
[WhiteElo "2350"]
[BlackElo "2411"]
[PlyCount "88"]
[EventDate "2006.04.03"]
[EventType "tourn"]
[EventRounds "21"]
[EventCountry "IND"]
[Source "lmi"]
[SourceDate "2006.04.17"]

1. e4 c5 2. Nf3 e6 3. d3 Nc6 4. g3 g6 5. Bg2 Bg7 6. O-O Nge7 7. c3 d5 8. Qe2
O-O 9. Re1 d4 10. e5 dxc3 11. Nxc3 Nd5 12. h4 b6 13. Bg5 Qc7 14. Qd2 Nxc3 15.
Qxc3 h6 16. Bf6 Nb4 17. Nh2 Bb7 18. Qd2 h5 19. g4 Bxg2 20. Kxg2 Bxf6 21. exf6
Qd8 22. gxh5 Qxf6 23. Ng4 Qg7 24. hxg6 Rad8 25. Kh2 Rxd3 26. Qe2 Qh8 27. gxf7+
Rxf7 28. Qxe6 Qxh4+ 29. Kg1 Rh3 30. Qg6+ Kf8 31. Qe6 Kg7 32. Qe5+ Kg8 33. Qe8+
Kg7 34. Qe5+ Kh7 35. Qe4+ Kg7 36. Qe5+ Kg8 37. Qe8+ Rf8 38. Qe6+ Kh8 39. Qe5+
Kg8 40. Qe6+ Kg7 41. Qe5+ Kh7 42. Qe4+ Kg8 43. Qe6+ Kg7 44. Qe5+ Kg8 1/2-1/2

[Event "43. India ch"]
[Site "Visakhapatnam IND"]
[Date "2006.04.08"]
[Round "8.1"]
[White "Ganguly, Surya Shekhar"]
[Black "Girinath, PDS."]
[Result "1-0"]
[WhiteElo "2579"]
[BlackElo "2350"]
[PlyCount "51"]
[EventDate "2006.04.03"]
[EventType "tourn"]
[EventRounds "21"]
[EventCountry "IND"]
[Source "lmi"]
[SourceDate "2006.04.17"]

1. e4 e6 2. d4 d5 3. Nc3 dxe4 4. Nxe4 Bd7 5. Nf3 Bc6 6. Bd3 Nd7 7. Ng3 Ngf6 8.
O-O Be7 9. c4 Bxf3 10. Qxf3 c6 11. b3 O-O 12. Bb2 Re8 13. Rad1 Qc7 14. Rfe1
Rad8 15. Bb1 Nf8 16. h4 Rd7 17. Re3 Red8 18. Rde1 b5 19. Qe2 bxc4 20. bxc4 Qb6
21. Bc2 Qa5 22. Re5 Qa6 23. Bc3 Rb8 24. Rg5 Bb4 25. Qe5 Bxc3 26. Rxg7+ 1-0

[Event "43. India ch"]
[Site "Visakhapatnam IND"]
[Date "2006.04.08"]
[Round "8.2"]
[White "Venkatesh, MR."]
[Black "Thejkumar, MS."]
[Result "1/2-1/2"]
[WhiteElo "2438"]
[BlackElo "2384"]
[PlyCount "117"]
[EventDate "2006.04.03"]
[EventType "tourn"]
[EventRounds "21"]
[EventCountry "IND"]
[Source "lmi"]
[SourceDate "2006.04.17"]

1. e4 c6 2. d4 d5 3. Nc3 dxe4 4. Nxe4 Bf5 5. Ng3 Bg6 6. h4 h6 7. Nf3 Nd7 8. h5
Bh7 9. Bd3 Bxd3 10. Qxd3 e6 11. Bf4 Qa5+ 12. Bd2 Qc7 13. O-O-O Ngf6 14. Ne4
O-O-O 15. g3 Be7 16. Kb1 c5 17. Bf4 Qc6 18. Nxf6 Bxf6 19. Qe3 Rhe8 20. c3 a6
21. Rhe1 b5 22. g4 c4 23. Bg3 Kb7 24. Qf4 Nb6 25. Ne5 Bxe5 26. Rxe5 f6 27. Ree1
Nd5 28. Qe4 a5 29. Rc1 b4 30. Qc2 Rc8 31. Ka1 Qb5 32. Qg6 Qd7 33. Re2 Ka7 34.
Qc2 Qc6 35. Qd1 Re7 36. Qe1 Qa6 37. f3 Rc6 38. f4 Rb7 39. Qd1 Qb5 40. Qc2 bxc3
41. bxc3 Rcb6 42. Ree1 a4 43. f5 exf5 44. gxf5 a3 45. Rb1 Qxb1+ 46. Rxb1 Rxb1+
47. Qxb1 Rxb1+ 48. Kxb1 Nxc3+ 49. Kc2 Ne4 50. Be1 Kb6 51. Bb4 Ng3 52. Bf8 Nxf5
53. Kc3 Kb5 54. d5 Ng3 55. Bxg7 Kc5 56. d6 Kxd6 57. Kxc4 Nxh5 58. Bxh6 Kc6 59.
Bc1 1/2-1/2

[Event "43. India ch"]
[Site "Visakhapatnam IND"]
[Date "2006.04.08"]
[Round "8.4"]
[White "Koneru, Humpy"]
[Black "Sharma, Dinesh K"]
[Result "1-0"]
[WhiteElo "2537"]
[BlackElo "2370"]
[PlyCount "89"]
[EventDate "2006.04.03"]
[EventType "tourn"]
[EventRounds "21"]
[EventCountry "IND"]
[Source "lmi"]
[SourceDate "2006.04.17"]

1. d4 d5 2. c4 c6 3. Nf3 Nf6 4. e3 Bf5 5. Nc3 e6 6. Nh4 Bg6 7. Qb3 Qc7 8. Nxg6
hxg6 9. Bd2 Nbd7 10. cxd5 exd5 11. O-O-O Nb6 12. h3 Be7 13. Kb1 a5 14. Bd3 a4
15. Qc2 Nc4 16. Bxc4 dxc4 17. a3 b5 18. Na2 O-O 19. e4 c5 20. dxc5 Bxc5 21. Bb4
Rfe8 22. f3 Bxb4 23. Nxb4 Rad8 24. Rhe1 Rxd1+ 25. Rxd1 Rd8 26. Rd2 Kh7 27. Ka2
Rd7 28. Qc3 Qg3 29. Nd5 Nxd5 30. exd5 Qd6 31. Qb4 Qb6 32. d6 Qc6 33. Rd4 Kg8
34. Rd1 Kh7 35. Qd2 Qc8 36. Qd4 Qe8 37. Qh4+ Kg8 38. Qe4 Qc8 39. Qe5 b4 40.
axb4 a3 41. bxa3 c3 42. Qc5 Qa6 43. Qxc3 Kh7 44. Qd3 Qc8 45. Kb2 1-0

[Event "43. India ch"]
[Site "Visakhapatnam IND"]
[Date "2006.04.08"]
[Round "8.5"]
[White "Kunte, Abhijit"]
[Black "Ramesh, RB."]
[Result "1-0"]
[WhiteElo "2551"]
[BlackElo "2491"]
[PlyCount "55"]
[EventDate "2006.04.03"]
[EventType "tourn"]
[EventRounds "21"]
[EventCountry "IND"]
[Source "lmi"]
[SourceDate "2006.04.17"]

1. d4 d5 2. c4 c6 3. Nc3 Nf6 4. Nf3 e6 5. Bg5 h6 6. Bh4 dxc4 7. e4 g5 8. Bg3 b5
9. Be2 Bb7 10. O-O Nbd7 11. Ne5 h5 12. Nxd7 Qxd7 13. Be5 Rh6 14. Qc1 b4 15. Na4
Nxe4 16. Rd1 f6 17. Nc5 Qh7 18. Nxb7 Qxb7 19. Qxc4 fxe5 20. Bf3 Qb5 21. Qc2 Nc5
22. dxc5 g4 23. Be4 Kf7 24. Rd7+ Kf6 25. h4 gxh3 26. Qd1 Qxc5 27. Qf3+ Kg5 28.
Qg3+ 1-0